| 000 | 00509nam a2200181Ia 4500 | ||
|---|---|---|---|
| 005 | 20250507130444.0 | ||
| 008 | 008 250505s9999 xx 000 0 eng d | ||
| 037 | _aDVD | ||
| 040 |
_aEASL _beng _cEASL |
||
| 041 |
_aeng _2eng |
||
| 084 | _qEASL | ||
| 100 | _aNational Center for Korean Traditional Performing Arts | ||
| 245 | 0 | _aRoyal court banquet music: Music of peace drem of dynasty | |
| 260 |
_aSouth Korea _bSeoul NCKTPA _c2002 |
||
| 300 | _a DVD | ||
| 942 | _cDVD | ||
| 999 |
_c1320285 _d1320285 |
||